[Event "Kragujevac-ch"]
[Site "Kragujevac"]
[Date "2012.02.24"]
[Round "5"]
[White "Lazic, Dragoljub"]
[Black "Ugrenovic, Bozidar"]
[Result "1/2-1/2"]
[WhiteElo "2302"]
[BlackElo "2135"]
[PlyCount "43"]
[EventDate "2012.02.20"]
[EventType "tourn"]
[EventRounds "11"]
[EventCountry "SRB"]
[SourceTitle "EXT 2019"]
[Source "ChessBase"]
[SourceDate "2018.10.10"]
[SourceVersion "1"]
[SourceVersionDate "2018.10.10"]
[SourceQuality "1"]

1. e4 c6 2. d4 d5 3. Nd2 dxe4 4. Nxe4 Bf5 5. Ng3 Bg6 6. h4 h6 7. Nf3 Nd7 8. h5 Bh7 9. Bd3 Bxd3 10. Qxd3 e6 11. Bf4 Qa5+ 12. Bd2 Qc7 13. Ne4 Ngf6 14. 0-0-0 0-0-0 15. c4 Nxe4 16. Qxe4 Nf6 17. Qc2 Bd6 18. g3 c5 19. Be3 cxd4 20. Bxd4 Bc5 21. Bc3 Rxd1+ 22. Rxd1 1/2-1/2

[Event "Kragujevac-ch"]
[Site "Kragujevac"]
[Date "2012.02.20"]
[Round "1"]
[White "Mimovic, Predrag"]
[Black "Ugrenovic, Bozidar"]
[Result "0-1"]
[WhiteElo "2025"]
[BlackElo "2135"]
[PlyCount "58"]
[EventDate "2012.02.20"]
[EventType "tourn"]
[EventRounds "11"]
[EventCountry "SRB"]
[SourceTitle "EXT 2019"]
[Source "ChessBase"]
[SourceDate "2018.10.10"]
[SourceVersion "1"]
[SourceVersionDate "2018.10.10"]
[SourceQuality "1"]

1. e4 c5 2. Nf3 Nc6 3. d4 cxd4 4. Nxd4 g6 5. Nc3 Bg7 6. Be3 Nf6 7. Nxc6 bxc6 8. e5 Ng8 9. f4 f6 10. f5 fxe5 11. fxg6 d5 12. gxh7 Nf6 13. Qf3 Bg4 14. Qg3 d4 15. Bd3 dxc3 16. Bg6+ Kd7 17. b3 Qc7 18. 0-0 Be6 19. Rad1+ Kc8 20. Bf5 Bxf5 21. Qxg7 Rxh7 22. Qg5 Bxc2 23. Rc1 Be4 24. Rxc3 Kb7 25. Rxf6 exf6 26. Qxf6 Rg8 27. g3 Qg7 28. Qf2 Rf8 29. Qe1 Rxh2 0-1

[Event "Belgrade-chT"]
[Site "Belgrade"]
[Date "2011.10.04"]
[Round "4.2"]
[White "Ugrenovic, Bozidar"]
[Black "Vucinic, Gojko"]
[Result "1-0"]
[WhiteElo "2129"]
[BlackElo "2134"]
[PlyCount "61"]
[EventDate "2011.10.01"]
[EventType "team-tourn"]
[EventRounds "11"]
[EventCountry "SRB"]
[SourceTitle "CBM 144 Extra"]
[Source "ChessBase"]
[SourceDate "2011.10.28"]
[SourceVersion "1"]
[SourceVersionDate "2011.10.28"]
[SourceQuality "1"]
[WhiteTeam "Borac"]
[BlackTeam "Belgrade Sigurnost"]
[WhiteTeamCountry "YUG"]
[BlackTeamCountry "YUG"]

1. e4 c5 2. Nf3 d6 3. c4 e5 4. Nc3 Nc6 5. Nd5 g6 6. d3 Bg7 7. Bg5 f6 8. Be3 Nge7 9. Qd2 0-0 10. Be2 Be6 11. 0-0 Qd7 12. Bh6 f5 13. Qg5 f4 14. Qh4 Bxh6 15. Qxh6 Nd4 16. Nxd4 cxd4 17. Qg5 Bxd5 18. cxd5 h5 19. Bxh5 Kf7 20. Bg4 Qd8 21. Rac1 Kg7 22. h4 Rf6 23. Rc2 Qb6 24. Rfc1 Rd8 25. h5 Qb5 26. Rc7 Qxd3 27. h6+ Kf7 28. Be6+ Rxe6 29. dxe6+ Kxe6 30. h7 Qxe4 31. Rxe7+ 1-0